From a rational point of view : (Record no. 257)

MARC details
000 -LEADER
fixed length control field 01551nam a22003497a 4500
001 - CONTROL NUMBER
control field 20095866
005 - DATE AND TIME OF LATEST TRANSACTION
control field 20241202083159.0
008 - FIXED-LENGTH DATA ELEMENTS--GENERAL INFORMATION
fixed length control field 230321b |||||||| |||| 00| 0 eng d
010 ## - LIBRARY OF CONGRESS CONTROL NUMBER
LC control number 2017958872
020 ## - INTERNATIONAL STANDARD BOOK NUMBER
International Standard Book Number 0198797036
020 ## - INTERNATIONAL STANDARD BOOK NUMBER
International Standard Book Number 9780198797036 (pbk)
035 ## - SYSTEM CONTROL NUMBER
System control number (OCoLC)on1013820622
040 ## - CATALOGING SOURCE
Original cataloging agency YDX
Language of cataloging eng
Transcribing agency KMU
Modifying agency ERASA
-- BDX
-- CDX
-- OCLCF
-- WTU
-- DLC
042 ## - AUTHENTICATION CODE
Authentication code lccopycat
050 00 - LIBRARY OF CONGRESS CALL NUMBER
Classification number BD 348 Hen
Item number .H45 2018
100 1# - MAIN ENTRY--PERSONAL NAME
Personal name Henning, Tim,
Dates associated with a name 1976-
Relator term author.
245 10 - TITLE STATEMENT
Title From a rational point of view :
Remainder of title how we represent subjective perspectives in practical discourse /
Statement of responsibility, etc. Tim Henning.
264 #1 - PRODUCTION, PUBLICATION, DISTRIBUTION, MANUFACTURE, AND COPYRIGHT NOTICE
Place of production, publication, distribution, manufacture Oxford, United Kingdom :
Name of producer, publisher, distributor, manufacturer Oxford University Press,
Date of production, publication, distribution, manufacture, or copyright notice 2018.
300 ## - PHYSICAL DESCRIPTION
Extent x, 240 pages ;
Dimensions 25 cm
336 ## - CONTENT TYPE
Content type term text
Content type code txt
Source rdacontent
336 ## - CONTENT TYPE
Content type term still image
Content type code sti
Source rdacontent
337 ## - MEDIA TYPE
Media type term unmediated
Media type code n
Source rdamedia
338 ## - CARRIER TYPE
Carrier type term volume
Carrier type code nc
Source rdacarrier
504 ## - BIBLIOGRAPHY, ETC. NOTE
Bibliography, etc. note Includes bibliographical references and indexes.
520 8# - SUMMARY, ETC.
Summary, etc. Tim Henning applies insights from the philosophy of language and formal semantics to problems in practical philosophy, and solves notorious puzzles about the reasons we have, what it is rational for us to do, and what we ought to do. He offers a more unified understanding of normative and practical discourse.
650 #0 - SUBJECT ADDED ENTRY--TOPICAL TERM
Topical term or geographic name entry element Normativity (Ethics)
650 #0 - SUBJECT ADDED ENTRY--TOPICAL TERM
Topical term or geographic name entry element Standard language
General subdivision Philosophy.
650 #7 - SUBJECT ADDED ENTRY--TOPICAL TERM
Topical term or geographic name entry element Normativity (Ethics)
Source of heading or term fast
Authority record control number or standard number (OCoLC)fst01039140
906 ## - LOCAL DATA ELEMENT F, LDF (RLIN)
a 7
b cbc
c copycat
d 2
e ncip
f 20
g y-gencatlg
942 ## - ADDED ENTRY ELEMENTS (KOHA)
Source of classification or shelving scheme Library of Congress Classification
Koha item type Non-Fiction
Suppress in OPAC No
Holdings
Withdrawn status Lost status Source of classification or shelving scheme Damaged status Not for loan Collection Home library Current library Shelving location Date acquired Source of acquisition Total Checkouts Full call number Barcode Date last seen Price effective from Koha item type
    Library of Congress Classification     Non-fiction Kapasa Makasa University Kapasa Makasa University Open Access 20.03.2023 Book Aid International   BD 348 Hen 2018 300165 21.03.2023 21.03.2023 Non-Fiction